Indian seals (problems and prospects) (Record no. 487384)

000 -LEADER
fixed length control field 00323cam a22001097a 4500
008 - FIXED-LENGTH DATA ELEMENTS--GENERAL INFORMATION
fixed length control field 180718b1960 xxu||||| |||| 00| 0 eng d
082 ## - DEWEY DECIMAL CLASSIFICATION NUMBER
Classification number A6x54
245 ## - TITLE STATEMENT
Title Indian seals (problems and prospects)
Statement of responsibility, etc. edited by K.D. Bhargava
260 ## - PUBLICATION, DISTRIBUTION, ETC.
Place of publication, distribution, etc. New Delhi
Name of publisher, distributor, etc. National Archives of India
Date of publication, distribution, etc. 1960
300 ## - PHYSICAL DESCRIPTION
Extent 31+p.
700 ## - ADDED ENTRY--PERSONAL NAME
Personal name Bhargava, K.D.
Holdings
Withdrawn status Lost status Damaged status Not for loan Permanent Location Current Location Date acquired Full call number Barcode Date last seen Price effective from Koha item type
        Indian Institute of Public Administration Indian Institute of Public Administration 2018-08-04 A6x54 GG32658 2018-08-04 2018-08-04 GG
        Indian Institute of Public Administration Indian Institute of Public Administration 2018-08-04 A6x54 GG32657 2018-08-04 2018-08-04 GG

Powered by Koha